• 首页
  • 本馆介绍
  • 公告通知
  • 最新文献
  • 馆藏检索
  • 电子资源
  • 读者导购
  • 参考咨询
  • 我的图书馆
  • 登录
  • 期刊详细显示
  • 现刊情况显示
  • 合订本情况显示
  • 篇目信息显示

期刊信息

  • 表格格式
  • 工作单格式
  • 卡片格式
索取号 
Z89/NBZL
题名 
内部资料索引
作者 
上海社会科学院图书馆该刊编辑部
分册号 
分册名 
出版地 
上海
出版者 
上海社会科学院图书馆
标准刊号 
出版频率 
双月刊
中图法分类 
Z89
主题词 
文摘; 索引
电子资源 
000 00945nas0 2200313 45
001 1196020301
005 20070321112308.78
011    @dCNY2.00(1990)
021    @aCN@b上海1(内)
100    @a19930710a19829999ekmy0chiy0121 eb
101 0  @achi
102    @aCN@b310000
110    @aafacc 0yu0
200 1  @a内部资料索引@ANEI BU ZI LIAO SUO YIN@f上海社会科学院图书馆该刊编辑部@FSHANG HAI SHE HUI KE XUE YUAN TU SHU GUAN GAI KAN BIAN JI BU
207  0 @a1982,no.1(1982)~=总14~
210    @a上海@b上海市淮海中路622弄7号(邮码200020)@c上海社会科学院图书馆@d1982~
215    @d26cm
300    @a继承:《国内部分内部交流资料篇目索引》
300    @a内部发行
326    @a双月刊
540 1  @a内部 资料 索引@ANEI BU ZI LIAO SUO YIN
541 1  @aInternal data index@zeng
606 0  @a文摘
606 0  @a索引
610 0  @c社会科学
676    @a300@v19
690    @aZ89@v4
801  0 @aCN@bPFT@c20070321
905    @a1@cQ@dZ89@eNBZL
    
    内部资料索引/上海社会科学院图书馆该刊编辑部.-1982,no.1(1982)~=总14~.-上海(上海市淮海中路622弄7号(邮码200020)):上海社会科学院图书馆,1982~
    26cm
    继承:《国内部分内部交流资料篇目索引》.-内部发行
    
    CNY2.00(1990)
    
●
相关链接: 在易读查询期刊 在中国知网中查询期刊 在万方数据查询期刊 在维普查询期刊
唐山师范学院图书馆 欢迎您!
大连网信软件有限公司© 版权所有